01147 a2200241 45000010006000000050017000060080041000230030015000640400040000790800051001192450135001702500011003052640051003163000019003675050289003860410008006759420007006835900036006901000026007267000028007529990015007809520110007955427020260407155814.0260407a1967 arg spa dAR-UNSa-BCEJYS aAR-UNSa-BCEJYSbspacAR-UNSa-BCEJYS a330.34.01xTeoría del desarrollo económico10aTeoría del desenvolvimiento económicopuna investigación sobre ganancias., capital, crédito, interés y ciclo económico a4a. ed 1aMéxico :bFondo de Cultura Económicac1967 a255 p.c21 cm. a1. La corriente circular de la vida económica en tanto que condicionada por circunstancias dadas – 2. El fenómeno fundamental del desenvolvimiento económico – 3. Crédito y capital – 4. La ganancia del empresario – 5. Interés del capital – 6. El ciclo económico.  aspa cBK aniveau_biblio:m niveau_hierar:01 aSchumpeter, Joseph A.1 aPrados Arrarte, Jesús c5440d5440 00104070aBCEJYSbBCEJYSc16d2026-04-07l0o330.34.01 S392pL26681r2026-04-07 15:58:14w2026-04-07yL